Working with microsoft dynamics CRM 3.0 (Record no. 155219)
[ view plain ]
| 000 -LEADER | |
|---|---|
| fixed length control field | 00572nam a22001817a 4500 |
| 005 - DATE AND TIME OF LATEST TRANSACTION | |
| control field | 20180827143336.0 |
| 010 ## - LCCN (DPL NO) | |
| LC control number | B-227742 |
| 020 ## - INTERNATIONAL STANDARD BOOK NUMBER | |
| International Standard Book Number | 8120330056 |
| Terms of availability | 425.00 |
| 035 ## - SYSTEM CONTROL NUMBER | |
| System control number | B-227742, B-227745 |
| 037 ## - SOURCE OF ACQUISITION | |
| Source of stock number/acquisition | Prentice-Hall of India Private Limited |
| 082 ## - DEWEY DECIMAL CLASSIFICATION NUMBER | |
| Classification number | 005.3 |
| 100 ## - MAIN ENTRY--PERSONAL NAME | |
| Personal name | Snyder, Mike |
| 245 ## - TITLE STATEMENT | |
| Title | Working with microsoft dynamics CRM 3.0 |
| Statement of responsibility, etc | Mile Snyder [and] Jim Steger |
| 260 ## - PUBLICATION, DISTRIBUTION, ETC. (IMPRINT) | |
| Place of publication, distribution, etc | New Delhi |
| Name of publisher, distributor, etc | Prentice-Hall of India Private Limited |
| Date of publication, distribution, etc | 2006 |
| 300 ## - PHYSICAL DESCRIPTION | |
| Extent | 564p. |
| Dimensions | 23cm.(pbk) |
| 942 ## - ADDED ENTRY ELEMENTS (KOHA) | |
| Source of classification or shelving scheme | Dewey Decimal Classification |
| Item type | English Books |
| Classification part | 005.3 |
| Call number suffix | SNY |
| Withdrawn status | Lost status | Not for loan | Collection code | Home library | Current library | Date acquired | Full call number | Barcode | Koha item type | Source of acquisition | Cost, normal purchase price | Cost, replacement price |
|---|---|---|---|---|---|---|---|---|---|---|---|---|
| Non-fiction | Sarojini Nagar | Sarojini Nagar | 31/07/2018 | 005.3 SNY | B-227742 | English Books | ||||||
| Non-fiction | Shahdara Branch | Shahdara Branch | 27/08/2018 | 005.3 SNY | B-227745 | English Books | BPPD/PUB | 425.00 | 425.00 |
